000 00941nam a2200241 i 4500
001 16943
003 ES-MaACL
005 20250827052323.0
007 t|
008 001124s1956 sp f |||| | spa d
080 _a338.48(460)(091)
080 _a910.4(460)"14/18"
100 1 _aFernández Álvarez, Manuel,
_d1921-2010
_949458
245 1 0 _aAportaciones a la historia del turismo en España
_b: relatos de viaje desde el Renacimiento hasta el Romanticismo /
_cManuel Fernández Alvarez.
260 _aMadrid :
_bSecretaría General del Ministerio de Información,
_c1956.
300 _aXII, 191 p. 12 h. de lám. ;
_c19 cm.
650 1 4 _aTurismo-
_zEspaña-
_vHistoria.
_917670
650 4 _aLiteratura de viajes-
_xHistoria y crítica.
_9138562
650 7 _aViajes-
_xEn la literatura
_2
_9151280
710 1 _aEspaña.
_bMinisterio de Información y Turismo
_93886
852 _aES-MaACL
_jG-3253
999 _c16943
_d16943